| 000 | 02714cam a22002054a 4500 | ||
|---|---|---|---|
| 005 | 20250605164113.0 | ||
| 008 | 250528s ||||||||||||||||||||||||d | ||
| 035 | _a17965 | ||
| 020 | _a9786185198046 | ||
| 040 |
_aGR-AtMCL _bgre _dGR-AtMCL _eAACR2 |
||
| 245 | 1 |
_aΧρηματοοικονομική Λογιστική / Βάσει των Ελληνικών Λογιστικών Προτύπων. _nΤόμος Δεύτερος - Τέταρτη Έκδοση |
|
| 250 | _a4η | ||
| 260 |
_bΔιπλογραφία, _c2015 |
||
| 300 | _a592 | ||
| 520 | _aΛογιστική παγίων - Λογιστική συμμετοχών - Λογιστική αποθεμάτων - Λογιστική απαιτήσεων - Λογιστική ιδίων κεφαλαίων - Λογιστική προβλέψεων και υποχρεώσεων - Λογιστική λογαριασμών τάξεως - Λογιστική ξένου νομίσματος - Λογιστική υποκαταστημάτων - φορολογία και διάθεση κερδών - Λογιστική αναβαλλόμενης φορολογίας - εισαγωγή στις ενοποιημένες οικονομικές καταστάσεις. Η Λογιστική των Επιμέρους Περιουσιακών Στοιχείων, Η Λογιστική των Πάγιων Περουσιακών Στοιχείων, Η Λογιστική των Ενσώματων Ακινητοποιήσεων, Η Λογιστική των Ασώματων Ακινητοποιήσεων, Η Λογιστική των Συμμετοχών και Χρεογράφων, Η Λογιστική των Αποθεμάτων, Απαιτήσεις και Διαθέσιμα, Κεφάλαιο ή Καθαρή Θέση, Διάκριση και Αποτίμηση των Υποχρεώσεων, Μακροπρόθεσμες Υποχρεώσεις, Βραχυπρόθεσμες Υποχρεώσεις, Οργανικά και Ασυνήθη Έξοδα, Οργανικά και Ασυνήθη Έσοδα, Η Λογιστική των Λογαριασμών Τάξεως, Η Λογιστική του Ξένου Νομίσματος, Η Λογιστική Τέλους Χρήσεως, Λογιστικές Εργασίες Τέλους Χρήσεως, Φορολογία και Διάθεση Κερδών των Επιχειρήσεων, Η Λογιστική των Υποκαταστημάτων, Στοιχεία της Λογιστικής των Ομιλών, Ενοποιημένες Οικονομικές Καταστάσεις. | ||
| 700 | 1 |
_aΑληφάντης Γεώργιος Στ _94257 |
|
| 942 | _cBK | ||
| 999 |
_c3359 _d3359 |
||